| 000 | 00521nam a22001817a 4500 | ||
|---|---|---|---|
| 003 | CEME | ||
| 005 | 20210628205907.0 | ||
| 008 | 210208b xxu||||| |||| 00| 0 eng d | ||
| 020 | _a0-13-215418-8 | ||
| 040 | _c. | ||
| 082 | _a511.3 KOL | ||
| 100 |
_aBusby, Robert.C Kolam, Bernard _977415 |
||
| 245 | _aDiscrete mathematical structures for computer science | ||
| 260 |
_aENGLEWOOD CLIFFS _bPRENTICE HALL _c1984 |
||
| 300 | _a420P | ||
| 650 |
_aMATHEMATICAL STRUCTURES FOR COMPUTER SCIENCE _977416 |
||
| 942 |
_cBK _2ddc |
||
| 999 |
_c582685 _d582685 |
||